000 00984cam a2200205 4500
001 ABS67034
008 030917n2003 000 0 eng u
035 _a(Sirsi) u123638
100 _aPortlock, S.
245 _aCan buildings with special status meet special needs?
260 _c2003
490 _aArchitects' Journal
_v218(7) 28 August 2003, 20-21(2)
520 _aDiscusses how listed buildings can comply with the Disability Discrimination Act. Looks at three different listed buildings to see how they have tackled the issue. Concludes that although some progress has been made towards the adaptation of these buildings to the needs of the disabled, there are still improvements which can be achieved.
590 _aABS
650 _aMANAGEMENT-BUSINESS MANAGEMENT-DISCRIMINATION-DISABILITY DISCRIMINATION-ACCESSIBILITY
650 _aDISABILITY DISCRIMINATION ACT 1995
650 _aLISTED BUILDINGS
690 _aBUILT ENVIRONMENT-CONSTRUCTION DESIGN
942 _n0
999 _c73419
_d73419